| 000 | 00000nam 22000008a 4500 |
| 001 | 9.865617 |
| 003 | CaOODSP |
| 005 | 20221107161834 |
| 007 | cr ||||||||||| |
| 008 | 181204s2018 onc o f000 0 eng d |
| 020 | |a9780660288512 |
| 040 | |aCaOODSP|beng |
| 043 | |an-cn--- |
| 086 | 1 |aA118-10/35-2016E-PDF |
| 245 | 00|aCrop profile for cherry in Canada, 2016 |h[electronic resource] / |cprepared by Pest Management Program, Agriculture and Agri-Food Canada. |
| 250 | |a3rd ed. |
| 260 | |a[Ottawa] : |bAgriculture and Agri-Food Canada, |c2018. |
| 300 | |a80 p. |
| 500 | |aIssued also in French under title: Profil de la culture de la cerise au Canada, 2016. |
| 500 | |aCover title. |
| 504 | |aIncludes bibliographical references. |
| 520 | |a" In 2016, sweet cherry ranked sixth and sour cherries 13th in marketed production among fruits grown in Canada. Canadian sweet cherry production totaled 16,688 metric tons on 2,193 hectares, with a farm gate value of $60.3 million. Sour cherry production totaled 6,135 metric tons on 1.052 hectares and had a farm gate value of $4.6 million"--P. 2. |
| 692 | 07|2gccst|aCrops |
| 710 | 1 |aCanada. |bAgriculture and Agri-Food Canada. |
| 710 | 2 |aPest Management Centre (Canada) |
| 775 | 08|tProfil de la culture de la cerise au Canada, 2016 |w(CaOODSP)9.865618 |
| 794 | |tCrop profile for cherry in Canada, 2019 / |w(CaOODSP)9.888330 |
| 795 | |tCrop profile for cherry in Canada, 2013 |w(CaOODSP)9.629966 |
| 856 | 40|qPDF|s1.36 MB|uhttps://publications.gc.ca/collections/collection_2018/aac-aafc/A118-10-35-2016-eng.pdf |
| 986 | |aAAFC No.: 12877E |